Piłkarze z największą liczbą występów w Premier League - Statystyki

Ogólne statystyki
  • Ten quiz został rozwiązany 201 razy
    35 od ostatniego zresetowania
  • Średni wynik to 3 z 10
Statystyki odpowiedzi
Występy Odpowiedź % Poprawnych
609 Frank Lampard
79%
632 Ryan Giggs
79%
634 James Milner
55%
653 Gareth Barry
42%
504 Rio Ferdinand
36%
508 Jamie Carragher
21%
572 David James
18%
516 Emile Heskey
6%
535 Gary Speed
6%
514 Mark Schwarzer
6%
Nie znaleziono quizów pasujących do podanych kryteriów
Rozkład punktacji
Procent ludzi z każdym wynikiem
Percentyl według liczby udzielonych odpowiedzi
Twoja historia wyników
Nie rozwiązałeś tego quizu od ostatniego zresetowania